A descolonizar las metodologías. Investigación y pueblos indígenas.
Saved in:
| Hovedforfatter: | |
|---|---|
| Andre forfattere: | |
| Format: | Bog |
| Udgivet: |
Santiago, Chile:
Lom Ediciones,
2016.
|
| Udgivelse: | Primera edición |
| Serier: | Colección Ciencias Sociales y Humanas
|
| Fag: | |
| Tags: |
Tilføj Tag
Ingen Tags, Vær først til at tagge denne postø!
|
MARC
| LEADER | 00000nam a22000007a 4500 | ||
|---|---|---|---|
| 003 | CL-VaPUC | ||
| 005 | 20230406093918.0 | ||
| 008 | 230328t2016 ||||| |||| 00| 0 eng d | ||
| 999 | |c 440368 |d 440366 | ||
| 020 | |a 978-956-00-0657-8 | ||
| 040 | |c Pontificia Universidad Católica de Valparaíso | ||
| 082 | |a 302.072 TUH 2016 | ||
| 100 | 1 | |a Tuhiwai Smith, Linda |e autora |9 880989 | |
| 245 | |a A descolonizar las metodologías. |b Investigación y pueblos indígenas. | ||
| 250 | |a Primera edición | ||
| 260 | |a Santiago, Chile: |b Lom Ediciones, |c 2016. | ||
| 300 | |a 306 páginas. | ||
| 490 | |a Colección Ciencias Sociales y Humanas | ||
| 500 | |a c.1 Donación Padre Cristian Eichin. Memo 1/2023 | ||
| 583 | |c 20230328 |k Catalogador Asistente | ||
| 650 | |a Pueblos originarios |x Investigaciones |x Metodología |9 880990 | ||
| 700 | |a Lehman, Kathryn |e traductora |9 880991 | ||
| 942 | |2 ddc |c BK | ||
| 952 | |0 0 |1 0 |2 ddc |4 0 |6 302_072000000000000_TUH_2016 |7 0 |8 A |9 589326 |a BIBTEO |b BIBTEO |d 2023-03-28 |e Donación |i 5656888 |o 302.072 TUH 2016 |p 5656888 |r 2025-01-17 |t 1 |w 2023-03-28 |y BK |k ICR | ||